عرض عادي عرض مارك
  • الكيمياء العضوية

مدخل مصطلح موضوعي

عدد التسجيلات المستخدمة في: 5

001 - رقم الضبط

  • حقل الضبط: 14040

003 - معرف رقم الضبط

  • حقل الضبط: OSt

005 - تاريخ ووقت أخر عملية

  • حقل الضبط: 20120515085632.0

008 - عناصر بيانات ثابتة الطول

  • حقل تحكم ثابت الطول: 120515|||a|||||| | ||| d

040 ## - مصدر الفهرسة

  • هيئة الفهرسة الأصلية: OSt
  • وكالة الكتابة: OSt

150 ## - مدخل-- مصطلح تاريخي

  • عنصر مدخل المصطلح الموضوعي او الاسم الجغرافي: الكيمياء العضوية
  • تفريع عام: تجارب.

670 ## - بيانات المصدر موجوده

  • الاستشهاد بالمصدر: Work cat.: (OSt): حلوة، عمر جبر 14039, مفتاح الإبداع لمختبر الكيمياء العضوية =, 2008